|
|
|
|
| LEADER |
00000nam2a2200000 4500 |
| 001 |
336958 |
| 005 |
20231102004914.0 |
| 035 |
|
|
|a (RuTPU)RU\TPU\book\363419
|
| 090 |
|
|
|a 336958
|
| 100 |
|
|
|a 20171027d1979 k y0rusy50 ca
|
| 101 |
0 |
|
|a rus
|
| 102 |
|
|
|a RU
|
| 105 |
|
|
|a a z 001zy
|
| 200 |
0 |
|
|a [Вып. 1]
|
| 210 |
|
|
|d 1979
|
| 215 |
|
|
|a 141 с.
|c ил.
|
| 320 |
|
|
|a Библиогр. в конце ст.
|
| 461 |
|
1 |
|0 (RuTPU)RU\TPU\book\323292
|t Повышение качества отливок и слитков
|o межвузовский сборник
|f Горьковский политехнический институт имени А. А. Жданова (ГПИ) ; отв. ред. А. А. Рыжиков
|v [Вып. 1]
|d 1979-
|
| 606 |
1 |
|
|a Отливки
|x Качество
|x Обеспечение
|2 stltpush
|3 (RuTPU)RU\TPU\subj\47730
|9 66642
|
| 606 |
1 |
|
|a Стальные слитки
|x Качество
|2 stltpush
|3 (RuTPU)RU\TPU\subj\56713
|9 74604
|
| 610 |
1 |
|
|a сплавы
|
| 610 |
1 |
|
|a стали
|
| 610 |
1 |
|
|a неоднородность
|
| 610 |
1 |
|
|a температурные режимы
|
| 610 |
1 |
|
|a кипение
|
| 610 |
1 |
|
|a заливка
|
| 610 |
1 |
|
|a добавки
|
| 610 |
1 |
|
|a давление
|
| 610 |
1 |
|
|a дефекты
|
| 610 |
1 |
|
|a покрытия
|
| 610 |
1 |
|
|a цеха
|
| 610 |
1 |
|
|a литейное производство
|
| 675 |
|
|
|a 621.74.002.6
|v 3
|
| 675 |
|
|
|a 621.746.58
|v 3
|
| 801 |
|
1 |
|a RU
|b 63413507
|c 20171027
|
| 801 |
|
2 |
|a RU
|b 63413507
|c 20190408
|g RCR
|
| 942 |
|
|
|c BK
|